00855 2200301 4500001002100000005001500021035002000036007000300056008004100059040001700100100002100117245009900138250000900237300006000246020002200306041000800328082000800336084001400344090001900358260003000377600001500407700002100422850001000443990002500453990002500478990002500503990002500528INLIS00000000000245120260602073931 a0010-0220000302ta260602 0  aSBPUPADbind0 aArvian Triantoro1 aMahir Komputerisasi Akuntansi Dengan MYOB Acconting V.23 /cArvian Triantoro, Editor: Giovanny aEd.1 ax, 258 hlm. :bilus. ;c23 CmeBibliografi, hlm 259-260 a978-979-29-6748-7 aind a004 a004 ARV m a004 ARV m L1-5 aYogyakarta :bANDI,c2018 4aKarya Umum0 aEditor: Giovanny aPUPAD a31.688/APBD/DPK/2019 a31.687/APBD/DPK/2019 a31.686/APBD/DPK/2019 a31.685/APBD/DPK/2019